000 00609nam a2200205 i 4500
001 150124
003 ES-MaACL
005 20250629213221.0
007 t|
008 071026s1949 sp ||||1| spa d
100 1 _aValls Jordá, Joan,
_d1917-1989
_9112945
245 1 3 _aLa estrella afirmativa /
_cJuan Valls Jordá.
260 _aAlicante :
_b[s.n.],
_c1949 (
_fGráf. Gutenberg)
300 _a83 p. :
_bretr. del autor ;
_c20 cm.
490 1 _aColección Ifach
830 0 0 _aColección Ifach
_9227685
852 _aES-MaACL
_j1924-F-4
_bR.30077
942 _2udc
999 _c150124
_d150124